000 01021nam a2200289 a 4500
001 BRL_1777
005 20190320211350.0
008 290715s1987----mx-a######---#000-0#spa-#
020 _a9688220787
041 _aspa
044 _amx
050 4 _aF1221.H8
_b.A54 1987
100 1 _aAnguiano, Marina
_927850
245 1 0 _aLa endoculturación entre los huicholes
_cMarina Anguiano, Peter T. Furst ; Traducción Celia Paschero
260 _aMéxico
_bInstituto Nacional Indigenista
_c1987
300 _a116 p.
_bil.
_c22 cm.
440 0 _aInvestigaciones sociales
_v3
_927851
500 _aAu2021
500 _aTraduccion de: ´to fly as birds´ : myth and ritual as agents of enculturation among the huichol indians of México
504 _aBibliografía: p. 115-116
650 1 4 _aHuicholes
_xVida social y costumbres
_924882
650 1 4 _aIndígenas de México
_xVida social y costumbres
_910614
700 1 _aFurst, Peter T.
_925541
700 1 _aPaschero, Celia
_etr.
_927852
902 _aGRL
942 _2lcc
_cB
999 _c10585
_d10585